Le top top 100 des films selon IMDB (2023) - Statistiques

Statistiques générales
  • Ce quiz a été pris 925 fois
  • Le résultat moyen est 30 sur 100
Statistiques - réponses
Hint Réponse % Correct
1972 Le Parrain
77%
1977 Star Wars épisode 4 : un nouvel espoir
69%
1980 Star Wars Episode 5 : L'Empire contre-attaque
69%
2010 Inception
67%
2014 Interstellar
67%
2008 The Dark Knight : Le Chevalier noir
67%
1994 Forrest Gump
66%
2001 Le Seigneur des Anneaux : La Communauté de l'Anneau
66%
2003 Le Seigneur des Anneaux : Le Retour du roi
66%
2002 Le Seigneur des Anneaux : Les Deux tours
66%
1994 Pulp Fiction
66%
2012 The Dark Knight Rises
66%
1999 Fight Club
64%
1994 Les évadés
60%
1995 Seven
56%
2019 Avengers : Endgame
52%
2023 Oppenheimer
52%
2018 Spider-man : New generation
52%
2018 Avengers : Infinity war
51%
1999 La Ligne verte
51%
1993 La Liste de Schindler
50%
1974 Le Parrain, 2e partie
50%
1957 12 hommes en colère
47%
1980 Shining
47%
1990 Les Affranchis
46%
2000 Gladiator
42%
1966 Le Bon, la brute et le truand
42%
2019 Parasite
41%
1994 Le Roi Lion
40%
1999 Matrix
40%
1968 2001 : L'Odyssée de l'espace
39%
2012 Django Unchained
38%
1991 Le Silence des agneaux
38%
1979 Alien - Le 8ème passager
37%
2019 Joker
37%
1960 Psychose
37%
1985 Retour vers le futur
37%
1998 Il faut sauver le soldat Ryan
36%
1981 Indiana Jones : Les Aventuriers de l'arche perdue
35%
1979 Apocalypse Now
33%
2011 Intouchables
33%
1995 Toy Story
32%
1975 Vol au-dessus d'un nid de coucou
32%
1992 Reservoir Dogs
31%
1946 | 1997 La Vie est belle
30%
2001 Le Voyage de Chihiro
30%
1994 Léon
29%
2006 Le Prestige
28%
1936 Les Temps modernes
28%
2000 Memento
28%
1940 Le Dictateur
27%
2006 Les Infiltrés
26%
1941 Citizen Kane
25%
1984 Il était une fois en Amérique
25%
2014 Whiplash
25%
1942 Casablanca
24%
2002 Le Pianiste
24%
1995 Usual Suspects
21%
1997 Princesse Mononoké
20%
1954 Fenêtre sur cour
19%
1988 Le Tombeau des lucioles
19%
2003 Old Boy
19%
1999 American Beauty
18%
2000 Requiem for a dream
18%
1991 Terminator 2
18%
2008 Wall-E
18%
1998 American History X
17%
2017 Coco
17%
2004 Eternal sunshine of a spotless mind
17%
1995 Braveheart
13%
2002 La Cité de dieu
13%
2010 Toy Story 3
13%
1997 Will Hunting
13%
2009 Inglourious Basterds
12%
1962 Lawrence d'Arabie
12%
1931 Les lumières de la ville
12%
2023 Spider-man : Across the spider-verse
12%
1952 Chantons sous la pluie
11%
1954 Les Sept samouraïs
11%
2016 Your Name
11%
1984 Amadeus
10%
1962 Harakiri
10%
1957 Les Sentiers de la gloire
10%
1931 M le Maudit
10%
1988 Cinéma Paradiso
7%
1964 Docteur Folamour
6%
1950 Boulevard du crépuscule
5%
2006 La Vie des autres
5%
1983 Le Retour du Jedi
5%
1981 Le Bateau
4%
1985 Requiem pour un massacre
4%
1952 Vivre
4%
2009 3 Idiots
3%
1986 Aliens : Le Retour
3%
2018 Capharnaüm
3%
2012 La Chasse
3%
1957 Témoin à charge
3%
1963 Entre le ciel et l'enfer
2%
1968 Il était une fiois dans l'Ouest
2%
Aucun quiz correspondant
Distribution des résultats
% des personnes avec chaque résultat
Percentile par nombre de réponses
Votre historique - résultats
Vous n’avez pas pris ce quiz